Giới thiệu một số vấn đề cơ bản của luật biển ở Việt Nam
Na minha lista:
| Autor Corporativo: | |
|---|---|
| Formato: | Livro |
| Idioma: | Undetermined |
| Publicado em: |
H.
CTQG
2004
|
| Assuntos: | |
| Tags: |
Adicionar Tag
Sem tags, seja o primeiro a adicionar uma tag!
|
| Thư viện lưu trữ: | Trung tâm Học liệu Trường Đại học Cần Thơ |
|---|
| LEADER | 00568nam a2200193Ia 4500 | ||
|---|---|---|---|
| 001 | CTU_62510 | ||
| 008 | 210402s9999 xx 000 0 und d | ||
| 020 | |c 17000 | ||
| 082 | |a 341.45 | ||
| 082 | |b B450 | ||
| 110 | |a Bộ ngoại giao | ||
| 245 | 0 | |a Giới thiệu một số vấn đề cơ bản của luật biển ở Việt Nam | |
| 245 | 0 | |c Bộ ngoại giao | |
| 260 | |a H. | ||
| 260 | |b CTQG | ||
| 260 | |c 2004 | ||
| 650 | |a maritime law,law of the sea | ||
| 904 | |i Minh | ||
| 980 | |a Trung tâm Học liệu Trường Đại học Cần Thơ | ||